000 00753nam a2200241 a 4500
001 6623
003 BD-RjUL
005 20211208234300.0
008 14 t1936 nyua b 001 0 eng d
035 _a(BD-RjUL)6664
040 _aDLC
_cYNG/OCL/EUX
_beng
_dBD-RjUL
041 _aeng
082 0 4 _a517.38
_216
_bPOI 1936
100 1 _aPoole, Edgar Girard Croker,
_d1891-1940.
_920826
245 1 0 _aIntroduction to the theory of linear differential equations /
_cby E. G. C. Poole
260 _aNew York :
_bDover,
_c1936.
300 _aviii, 202 p. :
_bdiagrs ;
_c25 cm.
504 _aIncludes Bibliographical reference and index.
650 0 _aDifferential equations, Linear
_919816
942 _2ddc
_cBK
999 _c6623
_d6623